| 000 | nam a22 a 4500 | ||
|---|---|---|---|
| 999 |
_c2288 _d2288 |
||
| 005 | 20170516085933.0 | ||
| 008 | 170516b1978 xxu||||| |||| 00| 0 eng d | ||
| 020 | _a0278425062 | ||
| 040 | _aAKMAL | ||
| 082 | _a428 CON | ||
| 090 |
_a428 _bCON |
||
| 100 |
_aDavid A. Conlin _94810 |
||
| 245 |
_aOur Language Today _bLevel B / _cDavid A. Conlin |
||
| 260 |
_aUSA _bAmerican Book Company _c1978 |
||
| 300 |
_a156 p. _ccm |
||
| 700 |
_aA. Renee LeRoy _94811 |
||
| 942 |
_2ddc _cBOOK |
||